<?xml version="1.0" encoding="utf-8"?>
<?xml-stylesheet type='text/xsl' href='./oai2.xsl'?>
<OAI-PMH xmlns="http://www.openarchives.org/OAI/2.0/" xmlns:xsi="http://www.w3.org/2001/XMLSchema-instance" xsi:schemaLocation="http://www.openarchives.org/OAI/2.0/ http://www.openarchives.org/OAI/2.0/OAI-PMH.xsd">
  <responseDate>2026-05-15T17:37:44Z</responseDate>
  <request verb="GetRecord" metadataPrefix="marcxml" identifier="record_kuniweb_676045">https://kulturerbe.niedersachsen.de/oai</request>
  <GetRecord>
    <record>
      <header>
        <identifier>record_kuniweb_676045</identifier>
        <datestamp>2021-12-14T12:05:43Z</datestamp>
        <setSpec>slg0018</setSpec>
      </header>
      <metadata>
        <marc:record xmlns:marc="http://www.loc.gov/MARC21/slim" xsi:schemaLocation="http://www.loc.gov/MARC21/slim http://www.loc.gov/standards/marcxml/schema/MARC21slim.xsd">
          <marc:leader>12345nrm  22     uu 4500</marc:leader>
          <marc:controlfield tag="001">676045</marc:controlfield>
          <marc:controlfield tag="003">http://kuniweb.gbv.de</marc:controlfield>
          <marc:controlfield tag="005">2017-04-04T09:51:30</marc:controlfield>
          <marc:controlfield tag="008">|           ||||||||||||||||||||||</marc:controlfield>
          <marc:datafield tag="245" ind1="1" ind2="0">
            <marc:subfield code="a">Helgoländer Flint Klingenkern</marc:subfield>
          </marc:datafield>
          <marc:datafield tag="655" ind1=" " ind2="7">
            <marc:subfield code="a">Archäologie</marc:subfield>
          </marc:datafield>
          <marc:datafield tag="046" ind1=" " ind2=" ">
            <marc:subfield code="k">-12999</marc:subfield>
            <marc:subfield code="k">Späte Altsteinzeit</marc:subfield>
            <marc:subfield code="l">-9499</marc:subfield>
          </marc:datafield>
          <marc:datafield tag="260" ind1=" " ind2=" ">
            <marc:subfield code="g">-12999</marc:subfield>
            <marc:subfield code="g">-9499</marc:subfield>
            <marc:subfield code="g">Späte Altsteinzeit</marc:subfield>
          </marc:datafield>
          <marc:datafield tag="520" ind1=" " ind2=" ">
            <marc:subfield code="a">Schon die Jägergruppen der Späteiszeit pflegten rege Kontakte über Hunderte von Kilometern, die sich durch sehr seltene Funde roten Feuersteins aus Helgoland in Niedersachsen nachweisen lassen. Der außergewöhnliche Fund eines Feuersteinartefakts aus rotem Helgoländer Feuerstein stammt vom Dümmersee. Das ursprünglich mindestens doppelt so große Rohstück ist durch Abschlagen vieler Messerklingen ganz klein geworden. Haben die Jäger selbst das Material von Helgoland geholt, das als markanter Berg aus der infolge der Absenkung des Meeresspiegels der letzten Eiszeit trocken gefallenen Ebene des sog. Nordseefestlandes ragte? Oder wurde das Gestein von nördlicher jagenden Gruppen eingetauscht? Vermutlich besaß das schöne Gestein eine besondere Bedeutung, vielleicht auch magische Wirkung, so dass es über 300 Kilometer weit transportiert wurde. (Niedersächsisches Landesmuseum Hannover)</marc:subfield>
          </marc:datafield>
          <marc:datafield tag="650" ind1="1" ind2=" ">
            <marc:subfield code="a">Baustoff, Werkstoff, Substanz, Rohstoff</marc:subfield>
          </marc:datafield>
          <marc:datafield tag="773" ind1="0" ind2=" ">
            <marc:subfield code="t">Archäologie</marc:subfield>
          </marc:datafield>
          <marc:datafield tag="852" ind1=" " ind2=" ">
            <marc:subfield code="a">Niedersächsisches Landesmuseum Hannover</marc:subfield>
          </marc:datafield>
          <marc:datafield tag="852" ind1=" " ind2=" ">
            <marc:subfield code="a">Dümmersee</marc:subfield>
          </marc:datafield>
          <marc:datafield tag="" ind1=" " ind2=" ">
            <marc:subfield code="a">Namensnennung 4.0 International (CC BY 4.0)</marc:subfield>
          </marc:datafield>
        </marc:record>
      </metadata>
    </record>
  </GetRecord>
</OAI-PMH>
